| 000 | 02148cam a2200637 i 4500 | ||
|---|---|---|---|
| 001 | 39393 | ||
| 003 | KOSZ 005 | ||
| 005 | 20250526134017.0 | ||
| 008 | 250526s2000 pl f f 001 0 pol | ||
| 015 | _aUWD 2001/15 | ||
| 020 | _a8301131586 | ||
| 035 | _a991015022579705066 | ||
| 035 | _a(PL-WaBN)b14035509-48omnis_nlop | ||
| 035 | _ab14035509 | ||
| 035 | _a(OCoLC)749993513 | ||
| 035 | _azz2005961648 | ||
| 035 | _a(PL)b0000001403550 | ||
| 035 | _a(EXLNZ-48OMNIS_NETWORK)9910278386205606 | ||
| 040 |
_aWA N _cWA N _dKOSZ 005/RW |
||
| 041 | 1 |
_apol _heng |
|
| 044 | _aPL | ||
| 046 | _k1999 | ||
| 080 | _a159.9 | ||
| 080 | _a316.6 | ||
| 080 | _a(075.8) | ||
| 100 | 1 |
_aAronson, Elliot _d(1932- ) _eAutor |
|
| 245 | 1 | 0 |
_aCzłowiek - istota społeczna / _cElliot Aronson ; przełożył Józef Radzicki. |
| 246 | 1 |
_iTytuł oryginału: _aSocial animal, _f1999 |
|
| 250 | _aWydanie IX zmienione. | ||
| 260 |
_aWarszawa : _bWydawnictwo Naukowe PWN, _c2000. |
||
| 300 |
_a481, [3] stron ; _c24 cm. |
||
| 336 |
_aTekst _btxt _2rdacontent |
||
| 337 |
_aBez urządzenia pośredniczącego _bn _2rdamedia |
||
| 338 |
_aWolumin _bnc _2rdacarrier |
||
| 380 | _aKsiążki | ||
| 380 | _aPublikacje dydaktyczne | ||
| 380 | _aPublikacje naukowe | ||
| 385 |
_mPoziom nauczania _aSzkoły wyższe |
||
| 388 | 1 | _a1901-2000 | |
| 388 | 1 | _a1989-2000 | |
| 490 | 1 | _aBiblioteka Psychologii Współczesnej | |
| 500 | _aTytuł oryginału: The social animal. | ||
| 504 | _aIndeksy. | ||
| 521 | 8 | _aPodręcznik dla studentów: psychologii, pedagogiki, socjologii i innych nauk społecznych. | |
| 650 | 7 |
_aCzłowiek _2DBN |
|
| 650 | 7 |
_aPsychologia społeczna _2DBN |
|
| 655 | 7 |
_aPodręczniki akademickie _2DBN |
|
| 658 | _aPsychologia | ||
| 658 | _aSocjologia i społeczeństwo | ||
| 700 | 1 |
_aRadzicki, Józef _eTłumaczenie |
|
| 710 | 2 |
_aWydawnictwo Naukowe PWN _4pbl |
|
| 830 | 0 | _aBiblioteka Psychologii Współczesnej | |
| 856 |
_uhttps://koha.tu.koszalin.pl/cgi-bin/koha/opac-detail.pl?biblionumber=39393 _yKatalog online BPK |
||
| 942 |
_2UKD _cKS |
||
| 999 |
_c39393 _d39393 |
||